[Event "Hochsauerland-ch U14"]
[Site "Foeckinghausen"]
[Date "2003.01.03"]
[Round "1"]
[White "Bussmann, Kevin"]
[Black "Rischen, Steffen"]
[Result "1-0"]
[WhiteElo "1222"]
[BlackElo "974"]
[PlyCount "69"]
[EventDate "2003.01.??"]
[EventType "swiss"]
[EventRounds "5"]
[EventCountry "GER"]
[SourceTitle "EXT 2005"]
[Source "ChessBase"]
[SourceDate "2004.11.15"]
[SourceVersion "1"]
[SourceVersionDate "2004.11.15"]
[SourceQuality "1"]

1. e4 d5 2. Nc3 c6 3. exd5 cxd5 4. d4 Nf6 5. Nf3 Nc6 6. Be2 e6 7. Bf4 Bd6 8. Bxd6 Qxd6 9. Nb5 Qb4+ 10. Nd2 a6 11. Nc7+ Kd8 12. Nxa8 Qxd4 13. c3 Qa7 14. 0-0 Qxa8 15. Nb3 Qb8 16. c4 h5 17. h3 g5 18. g3 g4 19. h4 Rg8 20. Nd4 Nxd4 21. Qxd4 Nd7 22. cxd5 exd5 23. Qxd5 Rf8 24. Qxh5 Nf6 25. Qg5 Qd6 26. Rad1 Qxd1 27. Rxd1+ Ke7 28. Qc5+ Ke6 29. Bc4+ Nd5 30. Qxd5+ Kf6 31. Qd4+ Kg6 32. Bd3+ f5 33. Qd6+ Rf6 34. Qf4 Kh5 35. Qg5# 1-0